000 01235nam a2200229Ia 4500
999 _c39641
_d39641
001 6241
003 GE_BSU
005 20190607204746.0
008 181216s1978||||ge |||||||||||||| ||geo||
040 _cGE_BSU
041 _ageo
080 _a621.22(075.8)+621.224 თ-95
100 _aთხინვალელი, გ.
_92302
245 _aჰიდრავლიკური მანქანები. ნ. I : ჰიდრავლიკური ტურბინები :
_bსახელმძღვანელო პოლიტექნ. ინ-ტის სტუდენტებისათვის /
_cგ. თხინვალელი ; რედ : ჩ. გურგენიძე.
264 _aთბილისი :
_bგანათლება,
_c1978.
300 _a282 გვ .:
_bილ.
_c26სმ .
_eცხრ.
653 _aტუმბოები და შექცევადი ჰიდრომანქანები
653 _aჰიდრავლიკური მანქანები
653 _aჰიდრავლიკური ტურბინები
700 _aგურგენიძე, ჩ
_eრედაქტორი
_92303
942 _cBK
_2udc